| 000 | 01209nam a2200229 a 4500 | ||
|---|---|---|---|
| 001 | 28502 | ||
| 003 | BD-RjUL | ||
| 005 | 20211209051306.0 | ||
| 008 | 181028s1959 pk a b 001 0 ben d | ||
| 035 | _a(BD-RjUL)28583 | ||
| 040 |
_aDLC _beng _cDLC _dBD-RjUL |
||
| 041 | _aeng | ||
| 082 |
_a379.549 _bPAJ 1959 _223 |
||
| 110 |
_aপাকিস্তান _bশিক্ষা দফতর. জাতীয় শিক্ষা কমিশন _9224298 |
||
| 245 |
_aজাতীয় শিক্ষা কমিশনের রিপোর্ট-১৯৫৯ / _cপাকিস্তান। শিক্ষা দফতর । জাতীয় শিক্ষা কমিশন ; এস. এম শরীফ ...[এবং অন্যান্য] |
||
| 260 |
_a[করাচী: _bসরকারী প্রিন্ট্রিং প্রেস. _c১৯৫৯] |
||
| 300 |
_a[৬], ৪৩০ পৃ. ; _c২৪ সেমি. |
||
| 650 |
_aশিক্ষা নীতি _zপাকিস্তান _y১৯৫৯ _9224299 |
||
| 650 |
_aEducation Policy _zPakistan _y1959 _9224300 |
||
| 700 |
_aশরীফ, এস. এম ...[এবং অন্যান্য] _9224302 |
||
| 942 |
_2ddc _cRAR |
||
| 999 |
_c28502 _d28502 |
||